<?xml version="1.0" encoding="UTF-8"?>
<record
    xmlns:xsi="http://www.w3.org/2001/XMLSchema-instance"
    xsi:schemaLocation="http://www.loc.gov/MARC21/slim http://www.loc.gov/standards/marcxml/schema/MARC21slim.xsd"
    xmlns="http://www.loc.gov/MARC21/slim">

  <leader>01912nam a22003257a 4500</leader>
  <controlfield tag="001">BRCA_9208</controlfield>
  <controlfield tag="003">FranzMayer</controlfield>
  <controlfield tag="005">20220809125737.0</controlfield>
  <controlfield tag="008">220720b        |||||||| |||| 00| 0 eng d</controlfield>
  <datafield tag="020" ind1=" " ind2=" ">
    <subfield code="a">9786073029544</subfield>
  </datafield>
  <datafield tag="040" ind1=" " ind2=" ">
    <subfield code="b">spa</subfield>
    <subfield code="c">MFM</subfield>
  </datafield>
  <datafield tag="041" ind1=" " ind2=" ">
    <subfield code="a">spa</subfield>
  </datafield>
  <datafield tag="050" ind1=" " ind2=" ">
    <subfield code="a">Z210.</subfield>
    <subfield code="b">T73 2021  </subfield>
  </datafield>
  <datafield tag="245" ind1="0" ind2="0">
    <subfield code="a">Tradici&#xF3;n de tinta en la Biblioteca Nacional : </subfield>
    <subfield code="b">historia del libro en M&#xE9;xico : siglos XVI al XXI</subfield>
  </datafield>
  <datafield tag="260" ind1=" " ind2=" ">
    <subfield code="a">Ciudad de M&#xE9;xico : </subfield>
    <subfield code="b">Universidad Nacional Aut&#xF3;noma de M&#xE9;xico, Instituto de Investigaciones Bibliogr&#xE1;ficas, </subfield>
    <subfield code="c">2021</subfield>
  </datafield>
  <datafield tag="300" ind1=" " ind2=" ">
    <subfield code="a">261 p. : </subfield>
    <subfield code="b">il. fot. map. ; </subfield>
    <subfield code="c">22 x 22 cm.</subfield>
  </datafield>
  <datafield tag="500" ind1=" " ind2=" ">
    <subfield code="a">Ubicaci&#xF3;n: L60-N1</subfield>
  </datafield>
  <datafield tag="500" ind1=" " ind2=" ">
    <subfield code="a">Incluye tabla de contenido (pp. 8-9)</subfield>
  </datafield>
  <datafield tag="520" ind1=" " ind2=" ">
    <subfield code="a">Esta obra comprende desde los albores de la cultura escrita e impresa de la Nueva Espa&#xF1;a hasta los a&#xF1;os de la producci&#xF3;n de los libros electr&#xF3;nicos, blogs y otras modalidades de la era digital.</subfield>
    <subfield code="b">Esta obra es resultado de una exposici&#xF3;n que se present&#xF3; en tres momentos en 2017; consisti&#xF3; en cuatro segmentos distribuidos de la siguiente forma: primero se inauguraron dos salas correspondientes a los siglos XVI al XVII y XVIII hasta los albores del XIX. Posteriormente, se abrieron tres salas m&#xE1;s, que correspondieron a los siglos XIX y XX al XXI, en las que incluy&#xF3; en la parte final una l&#xED;nea del tiempo que resum&#xED;a las editoriales m&#xE1;s importantes de este &#xFA;ltimo periodo. - Dr. Pablo Mora, Biblioteca Nacional de M&#xE9;xico, UNAM</subfield>
  </datafield>
  <datafield tag="650" ind1=" " ind2=" ">
    <subfield code="a">Libros</subfield>
    <subfield code="x">Historia</subfield>
    <subfield code="z">M&#xE9;xico</subfield>
  </datafield>
  <datafield tag="650" ind1=" " ind2=" ">
    <subfield code="a">Imprenta</subfield>
    <subfield code="x">Historia</subfield>
    <subfield code="z">M&#xE9;xico</subfield>
    <subfield code="9">5745</subfield>
  </datafield>
  <datafield tag="650" ind1=" " ind2=" ">
    <subfield code="a">Librer&#xED;as</subfield>
    <subfield code="x">Historia</subfield>
    <subfield code="z">M&#xE9;xico</subfield>
    <subfield code="9">5846</subfield>
  </datafield>
  <datafield tag="650" ind1=" " ind2=" ">
    <subfield code="a">Manuscritos mexicanos</subfield>
    <subfield code="9">781</subfield>
  </datafield>
  <datafield tag="700" ind1=" " ind2=" ">
    <subfield code="a">C&#xE9;sar Manrique Figueroa,</subfield>
    <subfield code="e">coord. </subfield>
    <subfield code="9">28465</subfield>
  </datafield>
  <datafield tag="700" ind1=" " ind2=" ">
    <subfield code="a">Lilia Vieyra S&#xE1;nchez, </subfield>
    <subfield code="e">coord.</subfield>
    <subfield code="9">28467</subfield>
  </datafield>
  <datafield tag="700" ind1=" " ind2=" ">
    <subfield code="a">Irma Lombardo Garc&#xED;a ; </subfield>
    <subfield code="e">coord.</subfield>
    <subfield code="9">28468</subfield>
  </datafield>
  <datafield tag="700" ind1=" " ind2=" ">
    <subfield code="a">Marina Garone Gravier [y otros].</subfield>
    <subfield code="e">inv. </subfield>
    <subfield code="9">28466</subfield>
  </datafield>
  <datafield tag="942" ind1=" " ind2=" ">
    <subfield code="2">lcc</subfield>
    <subfield code="c">B</subfield>
  </datafield>
  <datafield tag="999" ind1=" " ind2=" ">
    <subfield code="c">10827</subfield>
    <subfield code="d">10827</subfield>
  </datafield>
  <datafield tag="952" ind1=" " ind2=" ">
    <subfield code="0">0</subfield>
    <subfield code="1">0</subfield>
    <subfield code="2">lcc</subfield>
    <subfield code="4">0</subfield>
    <subfield code="7">0</subfield>
    <subfield code="a">BRCA</subfield>
    <subfield code="b">BRCA</subfield>
    <subfield code="d">2022-07-20</subfield>
    <subfield code="l">0</subfield>
    <subfield code="o">Z210. T73 2021  </subfield>
    <subfield code="p">CONT9988</subfield>
    <subfield code="r">2022-07-20 00:00:00</subfield>
    <subfield code="w">2022-07-20</subfield>
    <subfield code="y">B</subfield>
  </datafield>
</record>
